Key Baseball Rookie Cards of the 1970s and 1980s - Statistics

General Stats
  • This quiz has been taken 423 times
    204 since last reset
  • The average score is 14 of 22
Answer Stats
Year / Brand Player % Correct
1989 Upper Deck Ken Griffey, Jr.
90%
1982 Topps Traded Cal Ripken
78%
1975 Topps (1) George Brett
76%
1987 Fleer Barry Bonds
74%
1985 Topps Mark McGwire
74%
1983 Topps (2) Tony Gwynn
71%
1973 Topps Mike Schmidt
69%
1980 Topps Rickey Henderson
69%
1983 Topps (1) Wade Boggs
69%
1975 Topps (2) Robin Yount
68%
1984 Donruss Don Mattingly
66%
1984 Fleer Update (1) Roger Clemens
65%
1986 Donruss Jose Canseco
63%
1979 Topps Ozzie Smith
62%
1974 Topps Dave Winfield
57%
1983 Topps (3) Ryne Sandberg
53%
1978 Topps Eddie Murray
51%
1987 Fleer Update Greg Maddux
50%
1972 Topps Carlton Fisk
47%
1984 Fleer Update (2) Kirby Puckett
45%
1977 Topps Andre Dawson
40%
1970 Topps Thurman Munson
35%
No matching quizzes found
Score Distribution
Percent of People with Each Score
Percentile by Number Answered
Your Score History
You have not taken this quiz since the last reset